000 00706nam a2200229 a 4500
001 13164
003 BD-JhCC
005 20230716092256.0
008 230716s2021 bg |||| |||| 000 0 eng d
020 _a9789843494474
035 _a(BD-JhCC)13164
040 _aBD-JhCC
_dBD-JhCC
041 _aeng
082 _a954.92
_bWEA 2021
110 _4Bangladesh War Courses Foundation
245 _aWe answered the call :
_bmemors of freedom fighters /
_cBangladesh War Courses Foundation
260 _aDhaka :
_bBangladesh War Courses Foundation,
_c2021
300 _a232 p. :
_c21 cm.
650 _aMemoris of Freedom fighters.
_zBangladesh
710 _aBangladesh War Courses Foundation
942 _2ddc
_cBK
999 _c13164
_d13164